000 00239nam a22001097a 4500
041 _aENG
245 _aSustainable Land Use Systems Research
260 _aNew Delhi
_bAVI
_c1990
300 _a226
650 _aSWCE (06)
856 _uSWCE (06)
999 _c2903
_d2903